Central Library OPAC University of Rajshahi

মহম্মদ আবুবকর স্মারকগ্রন্হ / (Record no. 65099)

MARC details
000 -LEADER
fixed length control field 00961nam a2200253 a 4500
001 - CONTROL NUMBER
control field 65099
003 - CONTROL NUMBER IDENTIFIER
rucl marc code BD-RjUL
005 - DATE AND TIME OF LATEST TRANSACTION
control field 20211209081403.0
008 - FIXED-LENGTH DATA ELEMENTS--GENERAL INFORMATION
fixed length control field 170227s2008 b ||||| |||| 00| 0 eng d
020 ## - INTERNATIONAL STANDARD BOOK NUMBER
International Standard Book Number 9843000022976
035 ## - SYSTEM CONTROL NUMBER
System control number (BD-RjUL)65229
040 ## - CATALOGING SOURCE
Original cataloging agency BD-RjUL
Language of cataloging ben
Transcribing agency BD-RjUL
Modifying agency BD-RjUL
041 ## - LANGUAGE CODE
Language code of text/sound track or separate title ben
082 ## - DEWEY DECIMAL CLASSIFICATION NUMBER
Edition number 23
Classification number 370.92
Author mark and year MOM 2008
245 ## - TITLE STATEMENT
Title মহম্মদ আবুবকর স্মারকগ্রন্হ /
Statement of responsibility, etc. এম এ সাইদ; মোহাম্মদ আলী খান
260 ## - PUBLICATION, DISTRIBUTION, ETC. (IMPRINT)
Place of publication, distribution, etc. ঢাকা :
Name of publisher, distributor, etc. আগন্তক,
Date of publication, distribution, etc. ২০০৮
300 ## - PHYSICAL DESCRIPTION
Pagination ১৯২ পৃ. :
Illustrations চিত্র, ;
Size ২৪ সেমি,
600 ## - SUBJECT ADDED ENTRY--PERSONAL NAME
Personal name আবুবকর, মহম্মদ
Personal name Abubakar Mohammed
650 ## - SUBJECT ADDED ENTRY--TOPICAL TERM
Source of heading or term শিক্ষাবিদ
Geographic subdivision Biography
9 (RLIN) 188157
700 ## - ADDED ENTRY--PERSONAL NAME
Personal name সাইদ;এম এ
Personal name আলী খান মোহাম্মদ
942 ## - ADDED ENTRY ELEMENTS (KOHA)
Source of classification or shelving scheme Dewey Decimal Classification
Koha item type Books
Holdings
Lost status Source of classification or shelving scheme Damaged status Not for loan Collection code Permanent Location Current Location Shelving location Date acquired Source of acquisition Cost, normal purchase price Total Checkouts Full call number Date last seen Copy number Koha item type
  Dewey Decimal Classification   Not For Loan Non-fiction Central Library, University of Rajshahi Central Library, University of Rajshahi Reading Room 22/09/2008 Dhaka paragon enterprises ltd. 200.00   B 370.92 MOM 2008 27/02/2017 C-1 Books